BUBT Library Online Catalog

Numerical methods for scientific and engineering computation / (Record no. 6074)

000 -LEADER
fixed length control field 00692nam a22002177a 4500
003 - CONTROL NUMBER IDENTIFIER
control field BUBTL
008 - FIXED-LENGTH DATA ELEMENTS--GENERAL INFORMATION
fixed length control field 190612b xxu||||| |||| 00| 0 eng d
020 ## - INTERNATIONAL STANDARD BOOK NUMBER
International Standard Book Number 978-93-87477-25-4
082 ## - DEWEY DECIMAL CLASSIFICATION NUMBER
Classification number 519.4 / JAN
100 ## - MAIN ENTRY--PERSONAL NAME
9 (RLIN) 2350
Personal name Jain, M K
245 ## - TITLE STATEMENT
Title Numerical methods for scientific and engineering computation /
Statement of responsibility, etc. M K Jain, S R K Iyengar, Rajendra K Jain
250 ## - EDITION STATEMENT
Edition statement 7th ed.
260 ## - PUBLICATION, DISTRIBUTION, ETC. (IMPRINT)
Place of publication, distribution, etc. London :
Name of publisher, distributor, etc. New Age International Publishers,
Date of publication, distribution, etc. c2019.
300 ## - PHYSICAL DESCRIPTION
Extent xi, 776 p. :
Other physical details ill. ;
Dimensions 24 cm.
650 #0 - SUBJECT ADDED ENTRY--TOPICAL TERM
9 (RLIN) 124
Topical term or geographic name as entry element Mathematics
700 ## - ADDED ENTRY--PERSONAL NAME
9 (RLIN) 2351
Personal name Iyengar, S R K
700 ## - ADDED ENTRY--PERSONAL NAME
9 (RLIN) 2352
Personal name Jain, R K
856 ## - ELECTRONIC LOCATION AND ACCESS
Password 0
Logon 0
Link text Download
942 ## - ADDED ENTRY ELEMENTS (KOHA)
Source of classification or shelving scheme
Koha item type Books
Holdings
Withdrawn status Lost status Source of classification or shelving scheme Damaged status Not for loan Collection code Permanent location Current location Shelving location Date acquired Inventory number Total Checkouts Full call number Barcode Date last seen Copy number Price effective from Koha item type
        Not For Loan Non-fiction Bangladesh University of Business and Technology Library Bangladesh University of Business and Technology Library Civil Engineering Stack 05/20/2019 25592   519.4 / JAN BUBTL-200325592 06/12/2019 C-1 06/12/2019 Books
          Non-fiction Bangladesh University of Business and Technology Library Bangladesh University of Business and Technology Library Civil Engineering Stack 05/20/2019 25593   519.4 / JAN BUBTL-200325593 06/12/2019 C-2 06/12/2019 Books
          Non-fiction Bangladesh University of Business and Technology Library Bangladesh University of Business and Technology Library Civil Engineering Stack 05/20/2019 25594   519.4 / JAN BUBTL-200325594 06/12/2019 C-3 06/12/2019 Books

More Information About Library

Library Hours

  • Open: 9.00 am. to 9.00 pm.
  • Only Sunday: 9.00 am. to 6.00 pm.
  • Closed: Holiday

Contact to the University

Bangladesh University of Business and Technology Library

  • Mirpurl-2, 1216.
  • Phone:
  • Fax:
  • E-Mail: admin.library@bubt.edu.bd

Contact to the Library

Contact Person:

Md. Abdul Hakim Shah
Joint Librarian
PABX No:  113
Cell No: 01816332931
E-mail: official: admin.library@bubt.edu.bd
Personal: hakim.shah@bubt.edu.bd


BUBT Library

Copyright © 2021